Statistics for James Bond Video Games

Click here to take the quiz!

General Stats

  • This quiz has been taken 12 times
  • The average score is 7 of 23

Answer Stats

Year and SystemAnswer% Correct
1997 - N64Goldeneye
100%
2005 - Gamecube, PS2, Xbox, PSPFrom Russia With Love
63%
2008 - PC, Nintendo DS, PS2, PS3, Xbox 360Quantum of Solace
63%
2012 - PC, Xbox 360, PS3Legends
50%
2002 - Gamecube, PS2, Xbox, PCNightfire
50%
2000 - N64, PlaystationThe World Is Not Enough
50%
2000 - Playstation007 Racing
38%
1985 - PC, Commodore 64, OthersA View to a Kill
38%
2010 - PC, Nintendo DS, PS3, Xbox 360Blood Stone
38%
1983 - Atari, Commodore 64, ColecovisionJames Bond 007
38%
1998 - GBJames Bond 007
38%
2001 - PS2, Gamecube, XboxAgent Under Fire
25%
2004 - Gamecube, PS2, XboxEverything or Nothing
25%
1986 - PCGoldfinger
25%
2004 - Gamecube, PS2, Xbox, Nintendo DSRogue Agent
25%
1987 - PC, Atari 8-Bit, Commodore 64The Living Daylights
25%
1991 - NES, SNESJames Bond Jr.
13%
1989 - Amiga, Atari ST, PC, Commodore 64License to Kill
13%
1992 - Sega Genesis, Master System, Game GearThe Duel
13%
1999 - PlaystationTommorow Never Dies
13%
1988 - Amiga, Atari ST, PC, Commodore 64Live and Let Die
0%
1990 - Amiga, Atari ST, PCOperation Stealth/The Stealth Affair
0%
1990 - Amiga, Atari ST, PC, Commodore 64The Spy Who Loved Me
0%

Score Distribution

Percentile by Number Answered

Percent of People with Each Score

Your Score History

You have not taken this quiz